Países com mais ilhas - Statistics

Estatísticas Gerais
  • Esse quiz foi jogado 131 vezes
  • A pontuação média é 20 de 33
Estatísticas das Respostas
Hint Resposta % Correto
18 110 Indonésia
94%
1 338 Rússia
91%
52 455 Canadá
90%
8 222 Austrália
89%
14 125 Japão
89%
6 961 China
86%
43 471 Chile
84%
239 057 Noruega
83%
6 346 Reino Unido
83%
600 Nova Zelândia
82%
7 641 Filipinas
81%
406 Dinamarca
80%
267 570 Suécia
80%
178 947 Finlândia
78%
1 382 Índia
78%
1 900 França
77%
6 000 Grécia
72%
808 Itália
67%
3 459 Coreia do Sul
63%
607 Estados Federados da Micronésia
57%
1 430 Tailândia
54%
4 195 Cuba
50%
18 617 Estados Unidos da América
47%
1 192 Maldivas
39%
233 Peru
37%
650 Venezuela
37%
169 Tonga
30%
200 Palau
28%
2 355 Estônia
26%
203 Polónia
24%
1 246 Croácia
23%
240 Argélia
13%
263 Hong Kong
0%
Nenhum quiz correspondente encontrado
Distribuição das Pontuações
Porcentagem de Pessoas com Cada Pontuação
Percentil de Números Respondidos
Sua Pontuação Histórica
Você não jogou esse quiz